[Event "TCh-CZE 2002-3"]
[Site "Czech Rep CZE"]
[Date "2003.01.18"]
[Round "5"]
[White "Salai,L"]
[Black "Spacek,P"]
[Result "1-0"]
[WhiteElo "2397"]
[BlackElo "2391"]

1.e4 d6 2.d4 Nf6 3.Nc3 Nbd7 4.Nf3 e5 5.Bc4 Be7 6.O-O O-O 7.Re1 c6 8.a4 b6
9.d5 c5 10.a5 a6 11.axb6 Nxb6 12.Nd2 Ne8 13.Na4 Bg5 14.Nxb6 Qxb6 15.Bd3 Qc7
16.Qe2 Qb8 17.Nc4 Bxc1 18.Rexc1 Bd7 19.Ra3 Bb5 20.Rb3 Qd8 21.Ra1 Nc7 22.Na5 Rb8
23.Bxb5 Rxb5 24.Nc6 Qd7 25.Rxb5 axb5 26.Ra7 g6 27.Qxb5 Nxb5 28.Rxd7 Kg7 29.Nd8 Kf6
30.h4 g5 31.hxg5+ Kg6 32.c3 Na7 33.Rxd6+ Kxg5 34.g3 Nc8 35.Rd7 Kg6 36.Nb7 c4
37.Na5 f5 38.Nxc4 fxe4 39.Nxe5+ Kf5 40.Nc4 h5 41.Ne3+  1-0

[Event "Tch-SWE 2002-3"]
[Site "Sweden SWE"]
[Date "2003.01.18"]
[Round "6"]
[White "Nilsson,P"]
[Black "Andersson,J"]
[Result "1/2-1/2"]
[WhiteElo "2022"]
[BlackElo "2148"]

1.e4 d6 2.d4 Nf6 3.Nc3 c6 4.Be3 Qb6 5.Rb1 Ng4 6.Bg5 e5 7.Be2 Nxf2 8.Kxf2 exd4
9.Na4 Qa5 10.Nf3 Qxa4 11.Nxd4 Qa5 12.Be3 Be7 13.Rf1 O-O 14.Kg1 Qc7 15.Bd3 Nd7
16.Nf5 Ne5 17.Qe1 Bxf5 18.Rxf5 Rfe8 19.Qg3 Kh8 20.Rbf1 Bf8 21.Bd4 f6 22.Rh5 Qf7
23.Qh3 Qg6 24.Bxe5 Rxe5 25.Rh4 Rae8 26.Rf3 h6 27.b3 d5 28.Rg3 Qf7 29.Rf4 Rh5
30.Rh4 Bc5+ 31.Kf1 Rxh4 32.Qxh4 dxe4 33.Bc4 Qd7 34.Qg4 Qxg4 35.Rxg4 Bd6 36.h3 f5
37.Rg6 Be5 38.Re6 Rxe6 39.Bxe6 g6 40.g4 fxg4 41.Bxg4 b6 42.Ke2 Bf4 43.Bd7 c5
44.Bc6 e3 45.Kf3 Kg7 46.Bb5 Bg5 47.Kg3 h5 48.Kf3 Kf6 49.Ke4 Bh6 50.Bd3 Ke6
51.Kf3 Kf7 52.a4 Kf6 53.Ke4 Ke6 54.Bc4+ Ke7 55.Be2 Kf7 56.Bc4+ Kf6 57.Bd3 Bg5
58.Kf3 Ke5 59.Bxg6 h4 60.Bd3 Kd4 61.Ke2 Kc3 62.Kd1 Kb2 63.Be2 Bf4 64.Bc4 Bg3
65.Be2 Kc3 66.Bd3 Bf2 67.Bb5 Kd4 68.Bd3 Ke5 69.Ke2 Kf4 70.Bb5 Kg3 71.Bd7 c4
72.Bc8 Kf4 73.Be6 c3 74.Bc8 Ke4 75.Bb7+ Kd4 76.Bc8 Kc5 77.Bg4 b5 78.axb5 Kxb5
79.Bf3 Kb4 80.Kd3 a5  1/2-1/2

[Event "Open"]
[Site "Auckland AUS"]
[Date "2003.01.26"]
[Round "1"]
[White "McLaren,B"]
[Black "Bennett,H"]
[Result "1-0"]
[WhiteElo "2142"]
[BlackElo "2074"]

1.e4 d6 2.Nc3 Nf6 3.d4 c6 4.f4 Qa5 5.Bd3 e5 6.dxe5 dxe5 7.Nf3 Bg4 8.O-O Nbd7
9.f5 Be7 10.h3 Bxf3 11.Qxf3 b5 12.Bd2 Qb6+ 13.Kh1 a5 14.a3 O-O 15.Ne2 b4
16.g4 c5 17.g5 Ne8 18.Bc4 Qd6 19.Bd5 Rb8 20.axb4 axb4 21.Ng3 Bd8 22.g6 hxg6
23.fxg6 Qxg6 24.Nf5 Ndf6 25.Rg1 Qh5 26.Nh6+ Kh7 27.Qxh5 Nxh5 28.Nxf7 Bf6
29.Ra7 Rc8 30.Be6 Rc7 31.Ra8 Re7 32.Bf5+ Kg8 33.Nh6+ Kh8 34.Ng4 Kg8 35.Be3 Nf4
36.Bxc5 Rc7 37.Nxf6+ Kf7 38.Bxf8 gxf6  1-0

[Event "II It"]
[Site "Sao Jose de Rio Preto BRA"]
[Date "2003.01.26"]
[Round "4"]
[White "Coelho,L"]
[Black "Crosa,M"]
[Result "1-0"]
[WhiteElo "2392"]
[BlackElo "2446"]

1.e4 d6 2.d4 Nf6 3.Nc3 c6 4.Nf3 Bg4 5.h3 Bh5 6.Qe2 e6 7.g4 Bg6 8.h4 h5 9.g5 Nfd7
10.Bh3 Be7 11.d5 cxd5 12.exd5 e5 13.Be3 O-O 14.Nd2 Na6 15.a3 Re8 16.Nf1 e4
17.Ng3 Ne5 18.O-O-O b5 19.Ncxe4 Nc4 20.f4 Bxg5 21.hxg5 Bxe4 22.Nxe4 Rxe4
23.Qxh5 g6 24.Qh4 Qf8 25.Bd4 Rxd4 26.Rxd4 Qg7 27.f5 gxf5 28.Bxf5 Ne5 29.g6 Nxg6
30.Bxg6 fxg6 31.Re4 g5 32.Qh5 Rf8 33.Re6 Rf6 34.Re8+ Rf8 35.Rxf8+ Kxf8 36.Rf1+ Ke7
37.Re1+ Kf6 38.Re6+  1-0

[Event "Gibraltar Masters"]
[Site "Catalan Bay ENG"]
[Date "2003.01.29"]
[Round "2"]
[White "Soh,E"]
[Black "Vega,E"]
[Result "1/2-1/2"]
[WhiteElo "2029"]
[BlackElo "2115"]

1.e4 d6 2.d4 Nf6 3.Nc3 Nbd7 4.Nf3 e5 5.Bc4 Be7 6.O-O O-O 7.Bg5 c6 8.a4 b6
9.Qe2 a6 10.Rfd1 Qc7 11.h3 Bb7 12.dxe5 dxe5 13.Nd2 b5 14.axb5 axb5 15.Bb3 Nc5
16.f3 Nh5 17.Bxe7 Qxe7 18.Qe3 Rfd8 19.Ne2 g6 20.g4 Ng7 21.Kh2 Nge6 22.Bxe6 Nxe6
23.c3 Nc5 24.b4 Na4 25.Nb3 Rxd1 26.Rxd1 Nb2 27.Ra1 Rxa1 28.Nxa1 Nc4 29.Qf2 Bc8
30.Nb3 Be6 31.Nc5  1/2-1/2

[Event "National I"]
[Site "Sautron FRA"]
[Date "2003.01.31"]
[Round "1"]
[White "Berthelot,Y"]
[Black "Bauer,Ch"]
[Result "0-1"]
[WhiteElo "2311"]
[BlackElo "2579"]

1.e4 d6 2.d4 Nf6 3.Nc3 Nbd7 4.Nf3 e5 5.Bc4 Be7 6.O-O O-O 7.Re1 c6 8.a4 b6
9.d5 cxd5 10.Bxd5 Nxd5 11.Nxd5 Bb7 12.b3 Rc8 13.c4 Nc5 14.Ba3 Re8 15.Bxc5 bxc5
16.Nxe7+ Qxe7 17.Nd2 Qg5 18.Re3 Re6 19.Nf1 Rf8 20.f3 Rg6 21.Ra2 f5 22.exf5 Rxf5
23.Rd3 h5 24.Ng3 Rff6 25.Qd2 Rf4 26.Rxd6 h4 27.Rxg6 Qxg6 28.Ne4 Rxf3  0-1

[Event "Gibraltar Masters"]
[Site "Catalan Bay ENG"]
[Date "2003.02.04"]
[Round "8"]
[White "Gullaksen,E"]
[Black "Vega,E"]
[Result "1-0"]
[WhiteElo "2354"]
[BlackElo "2115"]

1.e4 d6 2.d4 Nf6 3.Nc3 Nbd7 4.Nf3 e5 5.Bc4 Be7 6.O-O O-O 7.Re1 c6 8.a4 b6
9.Ba2 a6 10.h3 Bb7 11.Bg5 Qc7 12.Nh4 g6 13.dxe5 dxe5 14.Bh6 Rfe8 15.Qf3 Bf8
16.Bxf8 Rxf8 17.Rad1 Kg7 18.Qe3 h6 19.Ne2 Ng8 20.Ng3 Ne7 21.Qc3 Rad8 22.f4 Kh7
23.f5 c5 24.Rf1 g5 25.Nf3 f6 26.Qc4 Qc6 27.Rfe1 b5 28.axb5 axb5 29.Qe6 Qxe6
30.Bxe6 Nb6 31.Rxd8 Rxd8 32.Nh5 Rf8 33.Nh2 Bc8 34.Bxc8 Nexc8 35.Rd1 Ne7 36.Ng4 Ng8
37.b3 Nc8 38.Rd5 c4 39.b4 Rf7 40.Kf2 Kh8 41.Ke3 Na7 42.Rd6 Nc8 43.Rd8  1-0

[Event "GMB"]
[Site "Bermuda BER"]
[Date "2003.02.05"]
[Round "11"]
[White "Berg,E"]
[Black "Kallio,H"]
[Result "1-0"]
[WhiteElo "2527"]
[BlackElo "2474"]

1.e4 d6 2.d4 Nf6 3.Nc3 e5 4.Nf3 Nbd7 5.Bc4 Be7 6.O-O O-O 7.Re1 c6 8.a4 b6
9.Qe2 a6 10.Bg5 h6 11.Bd2 Bb7 12.Rad1 Qc7 13.dxe5 Nxe5 14.Ba2 b5 15.Bf4 Rfe8
16.Nh4 Bf8 17.Bxe5 dxe5 18.Rd3 Bc8 19.Qe3 Qa7 20.Qf3 Bg4 21.Qg3 Rad8 22.h3 Rxd3
23.Qxd3 Bc8 24.Rd1 Nh7 25.Nf5 Ng5 26.Nd6 Bxd6 27.Qxd6 Qb7 28.h4 Nh7 29.b4 Nf6
30.a5 Bg4 31.Rd3 Bh5 32.f3 Bg6 33.g4 Kh8 34.h5 Bh7 35.Kg2 Bg8 36.Ne2 Qc8
37.Ng3 Nh7 38.Nf5 Ng5 39.Ne7 Qb7 40.Nxc6 f5 41.Bxg8 fxe4 42.fxe4 Kxg8 43.Qd7 Qxd7
44.Rxd7 Nxe4 45.Ra7 Nc3 46.Rxa6 e4 47.Rb6 Kh7 48.Rb8 Re6 49.a6 Rxc6 50.a7 Ra6
51.a8=R Rxa8 52.Rxa8 Nd5 53.Rc8 Nxb4 54.Rc5 Nd3 55.cxd3  1-0

[Event "II Marcelo Salado Cup Gp B"]
[Site "Santa Clara CUB"]
[Date "2003.02.05"]
[Round "4"]
[White "Gil Hector,L"]
[Black "Molina,L"]
[Result "1/2-1/2"]
[WhiteElo "2237"]
[BlackElo "2135"]

1.e4 d6 2.d4 Nf6 3.Nc3 c6 4.Nf3 Qa5 5.Bd2 e5 6.Nd5 Qd8 7.Nxf6+ Qxf6 8.dxe5 dxe5
9.Bg5 Qd6 10.Qxd6 Bxd6 11.O-O-O Bc7 12.Nd2 Be6 13.Nc4 f6 14.Be3 Nd7 15.Nd6+ Bxd6
16.Rxd6 Ke7 17.Rd2 Rhd8 18.a4 b6 19.Ba6 c5 20.Rd3 Nf8 21.Rhd1 Rxd3 22.Rxd3 Bd7
23.a5 Bc6 24.f3 Ne6 25.Bc4 Nd4 26.c3 Bb5 27.Bxb5 Nxb5 28.Kc2 Rc8 29.Bf2 Rc6
30.Rd1 Nc7 31.axb6 axb6 32.Ra1 Kd7 33.Be3 Rd6 34.f4 Kc6 35.f5 Rd7 36.g4 Nb5
37.Bd2 Nd6 38.Re1 g6 39.h3 gxf5 40.exf5 Kd5 41.Bh6 Ra7 42.Rd1+ Kc6 43.Bf8 Ne4
44.Rd8 Rd7 45.Rc8+ Kd5 46.Rb8 Rf7 47.Rd8+ Kc6 48.Rc8+ Kd7 49.Ra8 Nf2 50.Ra7+ Ke8
51.Ra8+ Kd7 52.Ra7+  1/2-1/2

[Event "Hotel Opatija GM Feb"]
[Site "Rijeka CRO"]
[Date "2003.02.07"]
[Round "1"]
[White "Fercec,N"]
[Black "Dizdarevic,E"]
[Result "1/2-1/2"]
[WhiteElo "2484"]
[BlackElo "2502"]

1.e4 d6 2.d4 Nf6 3.Nc3 e5 4.dxe5 dxe5 5.Qxd8+ Kxd8 6.Bg5 Be6 7.O-O-O+ Kc8
8.f4 exf4 9.Nf3 Bc5 10.Bxf4 Ng4 11.Nb5 Bb6 12.Re1 Nc6 13.h3 Nf6 14.Ng5 g6
15.Nc3 Nh5 16.Nxe6 fxe6 17.Bh2 Bf2 18.Rd1  1/2-1/2

[Event "Hotel Opatija GM Feb"]
[Site "Rijeka CRO"]
[Date "2003.02.08"]
[Round "2"]
[White "Topalovic,Z"]
[Black "Fercec,N"]
[Result "1/2-1/2"]
[WhiteElo "2311"]
[BlackElo "2484"]

1.e4 d6 2.d4 Nf6 3.Nc3 e5 4.dxe5 dxe5 5.Qxd8+ Kxd8 6.Bg5 Be6 7.O-O-O+ Nd7
8.f4 exf4 9.Nf3 h6 10.Bxf4 c6 11.Nd4 Bb4 12.e5 Ng4 13.Nxe6+ fxe6 14.Bc4 Ke7
15.Rhe1 Bxc3 16.bxc3 Raf8 17.Bg3 Nb6 18.Rd4 Nf2 19.Bb3 Rf5 20.Rd6 Nd5 21.c4 Nb6
22.c5 Nd5 23.Kb2 Rhf8 24.Ka3 Nc7 25.Bc4 g5 26.Rb1 Rb8 27.Rf1 Rbf8 28.Rb1 Rb8
29.Rxc6 bxc6 30.Rxb8 Ne4 31.Be1  1/2-1/2

[Event "11th Aosta Open"]
[Site "Saint Vincent ITA"]
[Date "2003.02.08"]
[Round "1"]
[White "Mollero,M"]
[Black "Georgiev,Vl"]
[Result "0-1"]
[WhiteElo "2164"]
[BlackElo "2549"]

1.d4 d6 2.e4 Nf6 3.Nc3 e5 4.Nf3 Nbd7 5.Bc4 Be7 6.O-O O-O 7.Re1 c6 8.Bf1 b6
9.h3 Bb7 10.Be3 Re8 11.Qd2 b5 12.a3 a6 13.Rad1 Qc7 14.Bg5 Bf8 15.dxe5 dxe5
16.Nh4 h6 17.Bxf6 Nxf6 18.Nf5 Rad8 19.Qe3 c5 20.Qf3 Qc6 21.Nd5 Nxd5 22.exd5 Rxd5
23.Rxd5 Qxd5 24.Qg4 Qe6 25.Bd3 g6 26.h4 c4  0-1

[Event "11th Aosta Open"]
[Site "Saint Vincent ITA"]
[Date "2003.02.08"]
[Round "1"]
[White "Bauer,Ch"]
[Black "Roberts,P"]
[Result "1-0"]
[WhiteElo "2579"]
[BlackElo "2185"]

1.d4 d6 2.e4 Nf6 3.Nc3 e5 4.Nge2 Nc6 5.f3 Bd7 6.Be3 g6 7.Qd2 Bg7 8.O-O-O h6
9.Kb1 a6 10.g4 b5 11.h4 b4 12.Nd5 a5 13.g5 Ng8 14.gxh6 Bxh6 15.f4 Bg7 16.dxe5 dxe5
17.f5 gxf5 18.Rg1 f4 19.Bxf4 exf4 20.Rxg7 Kf8 21.Rg1 Rxh4 22.Nexf4 Bg4 23.Qf2 Ne5
24.Rxg4 Nxg4 25.Ne6+ Ke8 26.Bb5+  1-0

[Event "TCh-BEL 2002-3"]
[Site "Belgium BEL"]
[Date "2003.02.09"]
[Round "8"]
[White "Horvath,Ad"]
[Black "Wuts,F"]
[Result "0-1"]
[WhiteElo "2493"]
[BlackElo "2304"]

1.e4 d6 2.d4 Nf6 3.Nc3 c6 4.f4 Qa5 5.Bd3 e5 6.Nf3 Bg4 7.Be3 Nbd7 8.O-O Be7
9.h3 Bxf3 10.Qxf3 O-O 11.Ne2 Rfe8 12.c3 Bf8 13.g4 exd4 14.cxd4 Re7 15.Ng3 Rae8
16.Rae1 Nb6 17.f5 Nfd5 18.f6 Nxf6 19.g5 Nfd7 20.Nf5 Re6 21.e5 Kh8 22.Ng3 dxe5
23.Qxf7 exd4 24.Bd2 Qd5 25.Qxe8 Rxe8 26.Rxe8 g6 27.Rexf8+ Nxf8 28.Rxf8+ Kg7
29.Re8 Qf3 30.Re7+ Kf8 31.Bb4 Qxg3+ 32.Kh1 Qxh3+ 33.Kg1 Qg3+ 34.Kh1 Qh4+  0-1

[Event "11th Aosta Open"]
[Site "Saint Vincent ITA"]
[Date "2003.02.09"]
[Round "2"]
[White "Manca,F"]
[Black "Mitkov,N"]
[Result "0-1"]
[WhiteElo "2349"]
[BlackElo "2534"]

1.e4 d6 2.d4 Nf6 3.Nc3 e5 4.Nf3 Nbd7 5.Bc4 Be7 6.O-O O-O 7.Re1 c6 8.a4 a5
9.h3 exd4 10.Qxd4 Nc5 11.e5 dxe5 12.Qxe5 Be6 13.Bxe6 Nxe6 14.Be3 Bb4 15.Rad1 Qc7
16.Qxc7 Nxc7 17.Bd4 Ne6 18.Bxf6 gxf6 19.Re3 Rfd8 20.Ra1 f5 21.Ne2 Rd5 22.c3 Bc5
23.Re5 Rad8 24.Rxd5 Rxd5 25.Kf1 Kg7 26.Ke1 Kf6 27.Kf1 h6 28.Ke1 f4 29.Nc1 Bb6
30.Nb3 Ng5 31.Nbd2 Ne6 32.Ke2 Rd8 33.Nc4 Bc7 34.Ra3 Re8 35.Kf1 Re7 36.Ra1 Rd7
37.Ke2 Re7 38.Kf1 Re8 39.Ra3 Ng5 40.Nfd2 Ke6 41.Rb3 Rb8 42.Ke2 Kd5 43.Nb6+ Kd6
44.h4 f3+ 45.gxf3 Ne6 46.Nbc4+ Ke7 47.Ne3 Nf4+ 48.Kf1 Ke6 49.Ndc4 h5 50.Ra3 Ng6
51.Ng2 f5 52.f4 Kd5 53.Nce3+ Ke4 54.f3+ Kxf3 55.c4 Ke4 56.Nd1 Bxf4 57.Nf2+ Kd4
58.Rf3 Bc1 59.Rxf5 Kxc4 60.Rxh5 Bxb2 61.Ne3+ Kb3 62.Rxa5 Nxh4 63.Nd3 Bd4
64.Rh5 Bxe3 65.Rxh4 Rf8+ 66.Ke2 Re8 67.Kf3 c5 68.Rh7 b6 69.Rb7 c4 70.Nf4 Bxf4
71.Rxb6+ Kxa4 72.Kxf4 c3  0-1

[Event "Hotel Opatija GM Feb"]
[Site "Rijeka CRO"]
[Date "2003.02.10"]
[Round "5"]
[White "Nurkic,S"]
[Black "Dizdarevic,E"]
[Result "0-1"]
[WhiteElo "2379"]
[BlackElo "2502"]

1.e4 d6 2.d4 Nf6 3.Nc3 e5 4.Nf3 Nbd7 5.Bc4 Be7 6.O-O O-O 7.h3 Nb6 8.Bd3 Nfd7
9.Be3 Bf6 10.d5 c6 11.dxc6 bxc6 12.Be2 Qc7 13.a4 a5 14.Ra3 Be7 15.Rb3 Nc5
16.Bxc5 dxc5 17.Nd2 Be6 18.Ra3 Rfd8 19.Qe1 c4 20.Ra1 Qd6 21.Nf3 f6 22.Nd1 Qb4
23.c3 Qc5 24.Ne3 Bf8 25.Kh1 g6 26.Nh2 Ra7 27.Bg4 Bf7 28.h4 Nc8 29.Qe2 Nd6
30.Qf3 Ne8 31.Rad1 Qe7 32.Qg3 Nd6 33.Be2 Nxe4 34.Qg4 Rxd1 35.Bxd1 Nd6 36.Bc2 e4
37.Qg3 Bg7 38.f4 Rb7 39.h5 f5 40.hxg6 hxg6 41.Qh3 Rxb2 42.g4 Qf6 43.Rg1 Bd5  0-1

[Event "11th Aosta Open"]
[Site "Saint Vincent ITA"]
[Date "2003.02.11"]
[Round "4"]
[White "Godena,M"]
[Black "Mantovani,R"]
[Result "1/2-1/2"]
[WhiteElo "2524"]
[BlackElo "2349"]

1.e4 d6 2.d4 Nf6 3.Nc3 e5 4.Nf3 Nbd7 5.Bc4 Be7 6.O-O O-O 7.Re1 c6 8.a4 Qc7
9.b3 h6 10.Bb2 Nb6 11.Be2 Re8 12.a5 Nbd7 13.d5 cxd5 14.exd5 a6 15.Nd2 b5
16.axb6 Nxb6 17.Nf1 Bb7 18.Ne3 Rec8 19.Ra2 g6 20.Qd2 Nfd7 21.Rea1 Bg5 22.Bxa6 Bxa6
23.Rxa6 Rxa6 24.Rxa6 Qb7 25.Ra1 Nc4 26.bxc4 Qxb2 27.Rb1  1/2-1/2

[Event "11th Aosta Open"]
[Site "Saint Vincent ITA"]
[Date "2003.02.11"]
[Round "4"]
[White "Isonzo,D"]
[Black "Mitkov,N"]
[Result "1/2-1/2"]
[WhiteElo "2338"]
[BlackElo "2534"]

1.e4 d6 2.d4 Nf6 3.Nc3 e5 4.Nf3 Nbd7 5.Bc4 Be7 6.O-O O-O 7.Re1 c6 8.a4 a5
9.h3 exd4 10.Qxd4 Nc5 11.Bf4 Be6 12.Rad1 Ne8 13.b3 Qb6 14.Bg5 Bd8 15.Be3 Qc7
16.e5 Be7 17.exd6 Bxd6 18.Ng5 Bxc4 19.Qxc4 Nd7 20.Qh4 h6 21.Nge4 Bh2+ 22.Kh1 f5
23.Nc5 Nxc5 24.Bxc5 Bd6 25.Rxe8 Rfxe8 26.Bxd6  1/2-1/2

[Event "11th Aosta Open"]
[Site "Saint Vincent ITA"]
[Date "2003.02.12"]
[Round "5"]
[White "Borgo,G"]
[Black "Georgiev,Vl"]
[Result "0-1"]
[WhiteElo "2430"]
[BlackElo "2549"]

1.e4 d6 2.d4 Nf6 3.Nc3 e5 4.Nf3 Nbd7 5.Bc4 Be7 6.O-O O-O 7.Re1 c6 8.Bf1 a6
9.a4 b6 10.h3 Bb7 11.b3 Re8 12.Ba3 Bf8 13.dxe5 Nxe5 14.Nxe5 dxe5 15.Bxf8 Kxf8
16.Qf3 Qd4 17.Rad1 Qc5 18.Qe3 Qxe3 19.Rxe3 Red8 20.Red3 Rxd3 21.Rxd3 Ke7
22.f3 Ne8 23.Nd1 Nd6 24.Nb2 g6 25.Rd1 a5 26.Nc4 Nxc4 27.Bxc4 Bc8 28.h4 Ra7
29.g4 h6 30.g5 hxg5 31.hxg5 Bd7 32.Kf2 b5 33.axb5 cxb5 34.Bd5 a4 35.c4 bxc4
36.Bxc4 a3 37.Ke3 Be6  0-1

[Event "11th Aosta Open"]
[Site "Saint Vincent ITA"]
[Date "2003.02.13"]
[Round "6"]
[White "Prasad,D"]
[Black "Mitkov,N"]
[Result "1/2-1/2"]
[WhiteElo "2400"]
[BlackElo "2534"]

1.e4 d6 2.d4 Nf6 3.Nc3 e5 4.Nf3 Nbd7 5.Bc4 Be7 6.O-O O-O 7.Re1 c6 8.a4 a5
9.h3 exd4 10.Qxd4 Nc5 11.Bf4 Be6 12.Rad1 Qb6 13.Bxd6 Bxd6 14.Qxd6 Rad8 15.Qe7 Rde8
16.Qd6 Rd8 17.Qe7 Rde8 18.Qd6  1/2-1/2

[Event "TCh-CZE 2002-3"]
[Site "Czech Rep CZE"]
[Date "2003.02.15"]
[Round "6"]
[White "Biolek,R"]
[Black "Orsag,Mil1"]
[Result "1-0"]
[WhiteElo "2426"]
[BlackElo "2392"]

1.e4 d6 2.d4 Nf6 3.Nc3 e5 4.dxe5 dxe5 5.Qxd8+ Kxd8 6.Bc4 Be6 7.Bxe6 fxe6
8.f3 Bd6 9.Be3 Ke7 10.Nge2 a6 11.Nc1 Nbd7 12.Nb3 Rhc8 13.Na4 h6 14.Ke2 Rab8
15.c4 b5 16.cxb5 axb5 17.Nac5 Ra8 18.Rhc1 Rcb8 19.Nd3 Nb6 20.Bxb6 Rxb6 21.Nbc5 Nd7
22.a3 Nxc5 23.Nxc5 Rbb8 24.Nd3 Ra4 25.b3 Ra7 26.a4 Rba8 27.f4 Ke8 28.fxe5 Be7
29.a5 Rxa5 30.Rxa5 Rxa5 31.Rxc7 Ra2+ 32.Kf3 Ra3 33.Nf4 Rxb3+ 34.Kg4 Rb2 35.Nxe6 Rxg2+
36.Kf3 Rg1 37.Nd4 b4 38.Nc6  1-0

[Event "11th Aosta Open"]
[Site "Saint Vincent ITA"]
[Date "2003.02.15"]
[Round "8"]
[White "Prie,E"]
[Black "Klinova,M"]
[Result "1/2-1/2"]
[WhiteElo "2446"]
[BlackElo "2368"]

1.d4 d6 2.e4 Nf6 3.Nc3 e5 4.dxe5 dxe5 5.Qxd8+ Kxd8 6.Bg5 Be6 7.a3 h6 8.O-O-O+ Nd7
9.Bxf6+ gxf6 10.f4 Bg4 11.Be2 h5 12.Nd5 Kc8 13.Bxg4 hxg4 14.Ne2 Bc5 15.b4 Bf8
16.c3 a5 17.b5 c6 18.Ne3 cxb5 19.Nxg4 Ra6 20.Rd5 exf4 21.Nxf4 Rc6 22.Rxb5 Rxc3+
23.Kb2 Rc5  1/2-1/2

[Event "ch-RUS w 1st League"]
[Site "Serpukhov RUS"]
[Date "2003.02.20"]
[Round "1"]
[White "Kochetkova,J"]
[Black "Kirillova,V"]
[Result "1/2-1/2"]
[WhiteElo "2275"]
[BlackElo "2113"]

1.e4 d6 2.d4 Nf6 3.Nc3 e5 4.Nf3 Nbd7 5.Bc4 Be7 6.O-O O-O 7.Re1 c6 8.a4 h6
9.h3 Re8 10.Bf1 Qc7 11.Be3 b6 12.d5 Bb7 13.a5 a6 14.axb6 Nxb6 15.dxc6 Qxc6
16.Bxb6 Qxb6 17.b3 Bc8 18.Bc4 Be6 19.Nd2 Qd4 20.Bxe6 fxe6 21.Na4 Nd7 22.Nc4 Rac8
23.Qg4 Bf8 24.Rad1 Nf6 25.Rxd4 Nxg4 26.Rd3 Nf6 27.Nab6 Rc5 28.Na4 Rc6 29.Nc3 Rec8
30.f3 Nh5 31.Kh2 Nf4 32.Rd2 Be7 33.g3 Nh5 34.h4 g5 35.hxg5 Bxg5 36.Rd3 Be7
37.Red1 Kf8 38.Na4 Nf6 39.Nc3 Kg8 40.Kg2 Kg7 41.Kf2 h5 42.Rh1 Rc5 43.Rhd1 R5c6
44.Ra1 Nd7 45.Nd1 Nb6 46.Nxb6 Rxb6 47.Ne3 h4 48.gxh4 Bxh4+ 49.Ke2 Be7 50.Rdd1 Rh8
51.Rg1+ Kf7 52.Rg2 Rh7 53.Rag1 Rc6 54.Kd3 Bf8 55.b4 Rh3 56.Rg3 Rxg3 57.Rxg3 Bh6
58.Nc4 Bg7 59.Na5 Rb6 60.Kc4 Rb5 61.Kb3 d5 62.Rg1 d4 63.Kc4 Bf8 64.Nc6 Bd6
65.Rb1 Rb6  1/2-1/2

[Event "ch-RUS w 1st League"]
[Site "Serpukhov RUS"]
[Date "2003.02.21"]
[Round "2"]
[White "Ambartsumova,K"]
[Black "Fominykh,M"]
[Result "0-1"]
[WhiteElo "2140"]
[BlackElo "2239"]

1.e4 d6 2.d4 Nf6 3.Nc3 e5 4.Nge2 g6 5.g3 Bg7 6.Bg2 O-O 7.h3 c6 8.a4 a5 9.Be3 Qe7
10.O-O Na6 11.Qd2 Nb4 12.Rad1 Be6 13.f4 Bc4 14.Rf2 Rad8 15.b3 Ba6 16.g4 exd4
17.Bxd4 c5 18.Be3 d5 19.e5 d4 20.exf6 Bxf6 21.Bxd4 cxd4 22.Ne4 Nxc2 23.Nxf6+ Qxf6
24.Qxa5 Bxe2 25.Rxe2 Ne3 26.Rd3 Nxg2 27.Kxg2 Qxf4 28.Qd2 Qf6 29.Qb4 Rd7 30.Qb5 Rfd8
31.Qe5 Qc6+ 32.Qe4 Qb6 33.h4 Rd6 34.Rf2 Re6 35.Qf3 Rd7 36.Qf4 Qc6+ 37.Qf3 Qc5
38.Qf4 Qd5+ 39.Qf3 Re4 40.Kh2 h5 41.Rg2 Qe6 42.Kh3 Rd5 43.Rg3 hxg4+ 44.Rxg4 Rde5  0-1

[Event "Open"]
[Site "Cappelle la Grande FRA"]
[Date "2003.02.22"]
[Round "1"]
[White "Totsky,L"]
[Black "Seret,JL"]
[Result "1-0"]
[WhiteElo "2511"]
[BlackElo "2306"]

1.e4 d6 2.d4 Nf6 3.Nc3 Nbd7 4.f4 e5 5.Nf3 exd4 6.Qxd4 c6 7.Be3 d5 8.O-O-O Bc5
9.Qd2 Bxe3 10.Qxe3 dxe4 11.Nxe4 O-O 12.Bc4 b5 13.Bb3 Nxe4 14.Qxe4 Qc7 15.Qe7 Qxf4+
16.Kb1 c5 17.Bd5 Rb8 18.Bc6 Qf6 19.Rxd7 Bxd7 20.Qxf6 gxf6 21.Bxd7 Rfd8 22.Bf5 Re8
23.Kc1 Re2 24.Rg1 Rb6 25.Kd1 Re8 26.Re1 Rd8+ 27.Kc1 c4 28.c3 b4 29.cxb4 Rxb4
30.Re2 Rb5 31.g4 h5 32.h3 hxg4 33.hxg4 Kg7 34.Kc2 Ra5 35.a3 Rh8 36.Nd2 Re5
37.Re4 Rh2 38.Kc3 Rf2 39.Rxc4 Re3+ 40.Kc2 Kh6 41.Rd4 Kg5 42.Rd3 Kf4 43.Rd4+ Kg3
44.Rd7 Re5 45.Kd3 Rg2 46.Nc4  1-0

[Event "ch-RUS w 1st League"]
[Site "Serpukhov RUS"]
[Date "2003.02.23"]
[Round "4"]
[White "Semenova,I"]
[Black "Avdeenko,T"]
[Result "0-1"]
[WhiteElo "2215"]
[BlackElo "2128"]

1.e4 d6 2.d4 Nf6 3.Nc3 e5 4.Nf3 Nbd7 5.Bc4 Be7 6.O-O O-O 7.Re1 c6 8.a4 b6
9.Bg5 Bb7 10.Bxf6 Bxf6 11.d5 c5 12.Ne2 g6 13.Qd3 a6 14.Ra3 Bg7 15.Ng3 Bc8
16.Nd2 Ra7 17.Ndf1 Nb8 18.Qd2 Qh4 19.Rb3 Bh6 20.Qd1 Nd7 21.Bd3 Rc7 22.c4 Rb7
23.h3 Nb8 24.a5 f5 25.Nh2 f4 26.Nf3 Qe7 27.Nf1 bxa5 28.Rxb7 Qxb7 29.Qd2 Nd7
30.Ra1 Nf6 31.Rxa5 g5 32.N1h2 g4 33.hxg4 Nxg4 34.Nxg4 Bxg4 35.Nh2 Bc8 36.Ra3 Qg7
37.f3 Qb7 38.Be2 Kg7 39.Bd1 Bg5 40.Rb3 Qc7 41.Ra3 Bh4 42.Qa5 Qxa5 43.Rxa5 Be1
44.Ra1 Rf7 45.Ba4 Bd2 46.Nf1 Bb4 47.Kf2 Kf6 48.Nh2 Kg5 49.Rg1 Bd2 50.Nf1 Bc1
51.g3 Kf6 52.gxf4 exf4 53.Rg8 Bd7 54.Bc2 Bxb2 55.Ra8 Rg7 56.Rxa6 Ke5 57.Ra7 Bd4+
58.Ke1 Bc3+ 59.Kf2 Bd4+ 60.Ke1 Kf6 61.e5+ Bxe5 62.Nd2 Bc3 63.Ke2 Bxd2 64.Kxd2 h5
65.Ra8 h4 66.Rf8+ Ke5 67.Rh8 h3 68.Kc3 Rg2 69.Rh5+ Kf6 70.Rh6+ Kg5 71.Rg6+ Kh5
72.Rxd6 Rxc2+ 73.Kxc2 Bf5+ 74.Kd2 h2 75.Rd8 Kh6 76.Rh8+ Bh7 77.d6 h1=Q 78.d7 Qg2+
79.Ke1 Qg1+ 80.Ke2 Qe3+  0-1

[Event "10th Metalis Open"]
[Site "Bizovac CRO"]
[Date "2003.02.27"]
[Round "2"]
[White "Cosic,R"]
[Black "Jurkovic,A"]
[Result "1-0"]
[WhiteElo "2129"]
[BlackElo "2340"]

1.e4 d6 2.d4 Nf6 3.Nc3 Nbd7 4.Bc4 e5 5.Nf3 Be7 6.h3 c6 7.a4 O-O 8.O-O exd4
9.Qxd4 Nc5 10.e5 dxe5 11.Qxe5 Bd6 12.Qg5 h6 13.Qg6 Ne6 14.Qd3 Nf4 15.Qd4 Bc7
16.Rd1 Qxd4 17.Rxd4 Ne6 18.Rd1 Re8 19.Be3 Bb6 20.Bxb6 axb6 21.Re1 Kf8 22.Rad1 Nc5
23.Rxe8+ Kxe8 24.Ne5 Ne6 25.Bb3 Ke7 26.Nc4 Nd7 27.Ne4 Nec5 28.Nxc5 bxc5 29.Re1+ Kf6
30.a5 b5 31.axb6 Ba6 32.Ra1 Ke7 33.Re1+ Kf8 34.Ra1 Ke7 35.f4 Bb7 36.Re1+ Kf8
37.g4 Ba6 38.Ra1 Ke7 39.h4 g6 40.g5 hxg5 41.hxg5 Bb7 42.Re1+ Kf8 43.Kf2 Ba6
44.Ra1 Ke7 45.c3 Bb7 46.Ra7 Rxa7 47.bxa7 Ba8 48.Ke3  1-0

[Event "ch-RUS w 1st League"]
[Site "Serpukhov RUS"]
[Date "2003.02.27"]
[Round "8"]
[White "Iodo,A"]
[Black "Fominykh,M"]
[Result "1/2-1/2"]
[WhiteElo "2132"]
[BlackElo "2239"]

1.e4 d6 2.d4 Nf6 3.Nc3 e5 4.dxe5 dxe5 5.Qxd8+ Kxd8 6.Bc4 Be6 7.Bxe6 fxe6
8.f3 Bd6 9.Be3 Nc6 10.Nge2 Ke7 11.O-O-O h6 12.h4 Nh5 13.g4 Nf4 14.Nxf4 exf4
15.Bd4 Nxd4 16.Rxd4 Be5 17.Rd3 Rad8 18.Rhd1 g6 19.Ne2 Rd6 20.Rxd6 cxd6 21.c3 Rc8
22.Kc2 b5 23.Rh1 b4 24.h5 Kf6 25.hxg6 Kxg6 26.Rd1 bxc3 27.bxc3 Rc5 28.Nd4 Kf7
29.Kd3 Bg7 30.Rb1 Rc7  1/2-1/2

[Event "57th ch-POL w"]
[Site "Sroda Wlkp POL"]
[Date "2003.02.27"]
[Round "1"]
[White "Socko,M"]
[Black "Zielinska,Mar"]
[Result "0-1"]
[WhiteElo "2381"]
[BlackElo "2430"]

1.d4 d6 2.e4 Nf6 3.Nc3 c6 4.f3 Qb6 5.Bc4 e5 6.Nge2 Be7 7.a4 O-O 8.a5 Qc7
9.Be3 exd4 10.Nxd4 d5 11.exd5 Re8 12.Nde2 cxd5 13.Bb5 Nc6 14.Bf4 Bd6 15.O-O Bd7
16.Bxc6 bxc6 17.Bxd6 Qxd6 18.Qd2 c5 19.Ng3 Qc6 20.Rfd1 Be6 21.Qg5 h6 22.Qf4 Rab8
23.b3 d4 24.Nce4 Nd5 25.Qd6 Qxd6 26.Nxd6 Red8 27.Nde4 Rbc8 28.Rd2 Nb4 29.Rc1 Kf8
30.c3 dxc3 31.Rxd8+ Rxd8 32.Rxc3 Rd3 33.Ne2 Rxc3 34.N2xc3 Nd3 35.Nb5 Ke7
36.Nxa7 Bd7 37.Kf1 f5 38.Nc3 Nc1 39.a6 Nxb3 40.Nab5 Bc6 41.a7 Kd7 42.Ke2 Ba8
43.g4 fxg4 44.fxg4 Kc6 45.Ke3 Kb6 46.Kf4 Nd4 47.Nxd4 cxd4 48.Nd1 Kxa7 49.h4 Kb6
50.g5 Kc5  0-1

[Event "10th Metalis Open"]
[Site "Bizovac CRO"]
[Date "2003.02.28"]
[Round "4"]
[White "Ciganovic,N"]
[Black "Saric,Ib"]
[Result "0-1"]
[WhiteElo "2095"]
[BlackElo "2394"]

1.e4 c6 2.d4 d6 3.Nc3 Nf6 4.Bd3 e5 5.Nf3 Nbd7 6.O-O Be7 7.h3 O-O 8.Be3 b5
9.Ne2 Bb7 10.Ng3 Re8 11.c3 Bf8 12.Qc2 a6 13.Rad1 Qc7 14.Rfe1 Rac8 15.dxe5 dxe5
16.c4 Nc5 17.Bxc5 Bxc5 18.Nf5 b4 19.Qd2 Bf8 20.c5 Bxc5 21.Qg5 Bf8 22.Bc4 Kh8
23.Rd6 Ng8 24.Red1 f6 25.Qg4 Bxd6 26.Nxd6 Re7 27.Nf7+ Rxf7 28.Bxf7 Nh6 29.Qe6 Qxf7
30.Qxf7 Nxf7 31.Rd7 Nd8 32.Nd2 c5 33.Nc4 Bc6 34.Ra7 Nb7  0-1

[Event "52nd ch-BUL w"]
[Site "Sofia BUL"]
[Date "2003.03.01"]
[Round "9"]
[White "Besheva,S"]
[Black "Voiska,M"]
[Result "0-1"]
[WhiteElo "2157"]
[BlackElo "2343"]

1.e4 d6 2.d4 Nf6 3.Nc3 e5 4.Nf3 Nbd7 5.Bc4 Be7 6.O-O O-O 7.Re1 c6 8.a4 a5
9.b3 exd4 10.Qxd4 Ne5 11.Be2 Nfg4 12.h3 Nxf3+ 13.Bxf3 Ne5 14.Be2 f5 15.Ba3 f4
16.f3 Rf6 17.Kh1 Qe8 18.Nd1 Qh5 19.Nf2 Qh4 20.Ng4 Bxg4 21.fxg4 f3 22.Bc4+ Kh8
23.Bf1 Nxg4 24.gxf3 Nf2+ 25.Kh2 Rg6  0-1